00303 a2200133 450000100060000002000180000604000240002410000180004824000310006624500260009730000060012336200090012965000310013846836 a9788574167183 cAnchieta - Aquarius aAzcona, Marta10aUm presente diferentelpor10aUm presente diferente a 0 a2012 4aLiteratura infanto-juvenil